000 00616nam a2200181Ia 4500
003 GCL
008 140319s9999 xx 000 0 ara d
040 _aGCL /
_cGCL
082 0 4 _a811.93
_bم م
100 1 _aمى يوسف خليف
245 1 0 _aميمية المتنبى: مجالات الابداع وطبيعة المعالجة /
_cمى يوسف خليف
300 _a110 ص
490 _aالهيئة العامة للاستعلامات
_v0
650 0 4 _aالشعر العربى
650 0 4 _aالشعر العربى - تاريخ ونقد
650 0 4 _aالمتنبى, ابو الطيب
942 _2ddc
_cBK
999 _c47673
_d47673